Curso de lingüística general.
محفوظ في:
| المؤلف الرئيسي: | |
|---|---|
| مؤلفون آخرون: | , , , |
| التنسيق: | كتاب |
| اللغة: | الإسبانية |
| منشور في: |
Buenos Aires, Argentina:
Losada,
2005.
|
| الطبعة: | 1a. edición. |
| سلاسل: | Biblioteca de Obras Maestras del Pensamiento,
|
| الموضوعات: | |
| الوسوم: |
إضافة وسم
لا توجد وسوم, كن أول من يضع وسما على هذه التسجيلة!
|
MARC
| LEADER | 00000cam a2200000 a 4500 | ||
|---|---|---|---|
| 001 | UCH3128 | ||
| 003 | CL-VaPUC | ||
| 005 | 20250321101907.0 | ||
| 008 | 090715t20050000AG |||||||||||||||||spa|d | ||
| 999 | |c 334765 |d 334763 | ||
| 020 | |a 978-950-03-9380-5 | ||
| 040 | |c Pontificia Universidad Católica de Valparaíso | ||
| 082 | 0 | 4 | |a 410 SAU 2005 |2 21 |
| 100 | 0 | |a Saussure, Ferdinand de |e autor |9 350677 | |
| 245 | 1 | 0 | |a Curso de lingüística general. |
| 250 | |a 1a. edición. | ||
| 260 | |a Buenos Aires, Argentina: |b Losada, |c 2005. | ||
| 300 | |a 424 páginas. | ||
| 490 | 0 | |a Biblioteca de Obras Maestras del Pensamiento, |n 1. | |
| 500 | |a c.4. Instituto Arcos.08-01-2025. | ||
| 583 | |a last modification |c 20120814 03:48:59 |k Rodrigo Vera | ||
| 650 | 0 | |a Lingüística |9 417891 |x Principios y fundamentos | |
| 650 | 0 | |a Gramática comparada y general |9 313380 | |
| 650 | 0 | |a Fonología |9 341074 | |
| 650 | 0 | |a Lingüística sincrónica |9 378497 | |
| 650 | 0 | |a Lingüística diacrónica |9 378498 | |
| 700 | |9 362627 |a Bally, Charles |e publicación | ||
| 700 | |9 342668 |a Sechehaye, Albert |e publicación | ||
| 700 | |9 895885 |a Riedlinger, Albert |e colaborador | ||
| 700 | |9 321333 |a Alonso, Amado |e traductor |e prólogo |e notas | ||
| 942 | |c BK |2 ddc |n 0 | ||
| 945 | |d 20090715 00:00:00 |a rbrito | ||
| 952 | |0 0 |1 0 |4 0 |6 410_000000000000000_SAU_2005 |7 0 |8 A |9 423927 |a BIBCUR |b BIBCUR |d 2019-11-22 |i 4573447 |o 410 SAU 2005 |p 4573447 |r 2025-04-22 |w 2019-11-22 |y BK |k PER | ||
| 952 | |0 0 |1 0 |4 0 |6 410_000000000000000_SAU_2005 |7 0 |8 A |9 423928 |a BIBCUR |b BIBCUR |d 2019-11-22 |i 4592166 |l 1 |o 410 SAU 2005 |p 4592166 |r 2025-04-22 |s 2022-05-18 |w 2019-11-22 |y BK |k PER | ||
| 952 | |0 0 |1 0 |4 0 |6 410_000000000000000_SAU_2005 |7 0 |8 A |9 423929 |a BIBGIM |b BIBGIM |d 2019-11-22 |i 489460K |o 410 SAU 2005 |p 489460K |r 2025-01-15 |w 2019-11-22 |y BK |k SSL | ||
| 952 | |0 0 |1 0 |2 ddc |4 0 |6 410_000000000000000_SAU_2005 |7 0 |9 599979 |a BIBINC |b BIBINC |c GEN |d 2025-01-27 |e Instituto Arcos |i 5664824 |o 410 SAU 2005 |p 5664824 |r 2025-01-27 |t 4 |w 2025-01-27 |y BK |k IFP | ||